ਤੁਲਨਾਤਮਕ ਭਾਸ਼ਾ ਵਿਗਿਆਨ / (Record no. 111185)
[ view plain ]
| 000 -LEADER | |
|---|---|
| fixed length control field | 00970nam a22002897a 4500 |
| 003 - CONTROL NUMBER IDENTIFIER | |
| control field | dpl |
| 005 - DATE AND TIME OF LATEST TRANSACTION | |
| control field | 20170123164203.0 |
| 008 - FIXED-LENGTH DATA ELEMENTS--GENERAL INFORMATION | |
| fixed length control field | 161127b xxu||||| |||| 00| 0 eng d |
| 010 ## - LIBRARY OF CONGRESS CONTROL NUMBER | |
| LC control number | B-082567 |
| 020 ## - INTERNATIONAL STANDARD BOOK NUMBER | |
| Terms of availability | 44.00 |
| 035 ## - SYSTEM CONTROL NUMBER | |
| System control number | B-082567 |
| 037 ## - SOURCE OF ACQUISITION | |
| Source of stock number/acquisition | Cen Lib/Ret |
| 040 ## - CATALOGING SOURCE | |
| Original cataloging agency | DPL |
| Language of cataloging | PN |
| Transcribing agency | TIT |
| 082 ## - DEWEY DECIMAL CLASSIFICATION NUMBER | |
| Classification number | 401 |
| Item number | ਗੁਣੇਪੀ |
| 100 ## - MAIN ENTRY--PERSONAL NAME | |
| Personal name | ਗੁਣੇ, ਪੀ.ਡੀ |
| 9 (RLIN) | 73 |
| 245 ## - TITLE STATEMENT | |
| Title | ਤੁਲਨਾਤਮਕ ਭਾਸ਼ਾ ਵਿਗਿਆਨ / |
| Statement of responsibility, etc | ਪੀ.ਡੀ ਗੁਣੇ |
| 246 ## - VARYING FORM OF TITLE | |
| Title proper/short title | Tulanatmik bhasha vigyan / |
| Remainder of title | by P.D.Gune |
| 250 ## - EDITION STATEMENT | |
| Edition statement | 2nd ed. |
| 260 ## - PUBLICATION, DISTRIBUTION, ETC. (IMPRINT) | |
| Place of publication, distribution, etc | ਪੰਜਾਬ |
| Name of publisher, distributor, etc | ਭਾਸ਼ਾ ਵਿਭਾਗ |
| Date of publication, distribution, etc | 2001 |
| 270 ## - ADDRESS | |
| City | ਪੰਜਾਬ |
| 300 ## - PHYSICAL DESCRIPTION | |
| Extent | 356p. |
| Dimensions | 24cm(Hb) |
| 650 ## - SUBJECT ADDED ENTRY--TOPICAL TERM | |
| Topical term or geographic name as entry element | Language Philosophy & theory |
| 9 (RLIN) | 138557 |
| 650 ## - SUBJECT ADDED ENTRY--TOPICAL TERM | |
| Topical term or geographic name as entry element | language |
| 9 (RLIN) | 21549 |
| 650 ## - SUBJECT ADDED ENTRY--TOPICAL TERM | |
| Topical term or geographic name as entry element | ਭਾਸ਼ਾ ਫਿਲਾਸਫੀ & ਥਿਊਰੀ |
| 9 (RLIN) | 138558 |
| 650 ## - SUBJECT ADDED ENTRY--TOPICAL TERM | |
| Topical term or geographic name as entry element | ਭਾਸ਼ਾ |
| 9 (RLIN) | 138559 |
| 942 ## - ADDED ENTRY ELEMENTS (KOHA) | |
| Source of classification or shelving scheme | Dewey Decimal Classification |
| Koha item type | Punjabi Bks |
| Classification part | 401 |
| Call number suffix | ਗੁਣੇਪੀ |
| Withdrawn status | Lost status | Source of classification or shelving scheme | Damaged status | Not for loan | Collection code | Home library | Current library | Date acquired | Source of acquisition | Cost, normal purchase price | Total Checkouts | Full call number | Barcode | Date last seen | Copy number | Cost, replacement price | Price effective from | Koha item type |
|---|---|---|---|---|---|---|---|---|---|---|---|---|---|---|---|---|---|---|
| Dewey Decimal Classification | Not For Loan | Reference | Central Library | Central Library | 17/03/2016 | Cen Lib/Ret | 44.00 | 401 ਗੁਣੇਪੀ | B-082567 | 17/03/2016 | 1 | 44.00 | 17/03/2016 | Punjabi Bks |
